Studies in aquatic insects, XI: seven new species of the genus Ochrotrichia (<Ochrotrichia>) from South America (<Trichoptera; Hydroptilidae>) (Registro nro. 11643)

Detalles MARC
000 -CABECERA
Campo de control 006640000a22001810004500
090 ## - CLASIFICACIÓN LOCAL
Colección AR
Consecutivo 02579
041 0# - IDIOMA
Código de idioma para texto/pista de sonido o título separado
100 1# - ASIENTO PRINCIPAL--NOMBRE PERSONAL
Nombre personal Bueno Soria, Joaquín
245 10 - MENCION DE TITULO
Título Studies in aquatic insects, XI: seven new species of the genus Ochrotrichia (<Ochrotrichia>) from South America (<Trichoptera; Hydroptilidae>)
650 14 - ASIENTO SECUNDARIO DE MATERIA - TERMINO TEMATICO
Término temático o nombre geográfico como elemento de entrada Entomología
650 14 - ASIENTO SECUNDARIO DE MATERIA - TERMINO TEMATICO
Término temático o nombre geográfico como elemento de entrada Taxonomía animal
650 14 - ASIENTO SECUNDARIO DE MATERIA - TERMINO TEMATICO
Término temático o nombre geográfico como elemento de entrada Nuevas especies
650 14 - ASIENTO SECUNDARIO DE MATERIA - TERMINO TEMATICO
Término temático o nombre geográfico como elemento de entrada Morfología animal
653 ## - TERMINO DE INDIZACION - NO CONTROLADO
-- Ochrotrichia
700 1# - ASIENTO SECUNDARIO - NOMBRE PERSONAL
Nombre personal Santiago Fragoso, Silvia
773 1# - Item fuente:
Título Proceedings of the Entomological Society of Washington
Especificación de materiales 427
Descripción física 4
Paginas del Articulo 439-446
Lugar, editorial y fecha de publicación 1992
Información sobre la relación 94
942 ## - ELEMENTOS ADICIONALES (KOHA)
Tipo de ítem Artículo
Existencias
Withdrawn status Lost status Damaged status No para préstamo Colección Ubicación Permanente Ubicación actual Fecha de adquisición Fuente de Valor Datos de publicación Seriada Total Checkouts Número topográfico Inventario / Código de Barras Date last seen Ejemplar Price effective from Forma de adquisición Tipo de material
      No para Préstamo Hemeroteca Bogotá Bogotá 27/02/2015 Sánchez, Enrique Fuera de circulación   AR 02579 012994 25/03/2015 1 25/03/2015   Artículo